First line of Coldplay songs - Statistics

General Stats
  • This quiz has been taken 17 times
  • The average score is 13 of 30
Answer Stats
First line Song % Correct
I used to rule the world Viva la Vida
100%
Look at the stars Yellow
100%
'Cause you're a sky A Sky Full of Stars
87%
The lights go out, and I can't be saved Clocks
80%
When you try your best, but you don't succeed Fix You
80%
Come up to meet you, tell you I'm sorry The Scientist
80%
You (you), you are (you are) my universe My Universe
73%
Call it magic, call it true Magic
53%
When she was just a girl Paradise
53%
How long before I get in? Speed of Sound
53%
I turn the music up, I got my records on Every Teardrop is a Waterfall
47%
And the hardest part was letting go The Hardest Part
47%
Oh no, I see Trouble
47%
"Turn your magic on," Umi, she'd say Adventure of a Lifetime
40%
It was a long and dark December Violet Hill
40%
Stole a key Charlie Brown
33%
And said drink from me, drink from me Hymn for the Weekend
33%
So I look in your direction Shiver
33%
Oh brother, I can't, I can't get through Talk
33%
Where do we go? Nobody knows God Put a Smile Upon Your Face
27%
Just because I'm losin' Lost!
27%
Once upon a time, somebody ran Princess of China
27%
I pray that I don't give up, pray that I do my best We Pray
27%
Sometimes, I just can't take it Higher Power
20%
They were sittin', they were sittin' Strawberry Swing
13%
Oh, I think I landed A Head Full of Dreams
7%
We've been through low All My Love
7%
Written in graffiti on a bridge in a park Hurts Like Heaven
7%
For a second, I was in control True Love
7%
It could be worse, I could be alone Crests of Waves
0%
No matching quizzes found
Score Distribution
Percent of People with Each Score
Percentile by Number Answered
Your Score History
You have not taken this quiz